Tự học nhanh Excel 97 bằng hình ảnh

Enregistré dans:
Détails bibliographiques
Auteur principal: Elaine Marmel
Format: Livre
Langue:Undetermined
Publié: Tp. Hồ Chí Minh Trẻ 1998
Sujets:
Tags: Ajouter un tag
Pas de tags, Soyez le premier à ajouter un tag!
Thư viện lưu trữ: Trung tâm Học liệu Trường Đại học Cần Thơ
LEADER 00476nam a2200169Ia 4500
001 CTU_32997
008 210402s9999 xx 000 0 und d
082 |a 005.3 
082 |b M315 
100 |a Elaine Marmel 
245 0 |a Tự học nhanh Excel 97 bằng hình ảnh 
245 0 |c Elaine Marmel 
260 |a Tp. Hồ Chí Minh 
260 |b Trẻ 
260 |c 1998 
650 |a Excel (Computer programs) 
980 |a Trung tâm Học liệu Trường Đại học Cần Thơ